000 00875cam a22002897a 4500
003 CHAP
005 20220329135251.0
008 971013s1981 r 00010 d
010 _a33516
011 _a34488
035 _a38604
040 _cCHAP
082 _a581.4
_bO2
100 0 0 _aO'Brien, T. P.
_982337
245 1 4 _aThe study of plant structure principles and selected methods
260 _aMelbourne :
_bTermarcarphi,
_c1981
300 _apág. varía
590 _aBATCH-UPD
_b10
_c20130110
_lUCH01
_h1910
590 _aBATCH-UPD
_b10
_c20130410
_lUCH01
_h1237
590 _aBATCH-UPD
_b10
_c20130914
_lUCH01
_h0326
590 _aCONVERSION
_b10
_c20130109
_lUCH01
_h1319
650 1 4 _aAnatomía vegetal.
_95495
700 0 _aMcCully, Margaret E.
_973457
901 _aBK
942 _cLIBRO
949 _a581.4 O2
_bBC
_cLIBRO
_d33724000539847
_eLIBRO
_h57259
_i38604
_si
999 _c33516
_d33516